Name the Cocktail from the Ingredients - Statistics

General Stats
  • This quiz has been taken 14 times
  • The average score is 5 of 10
Answer Stats
Hint Answer % Correct
vodkatomato juice lemon juice worcestershire Bloody Mary
100%
gintonic water lime Gin & Tonic
100%
tequilaorange liqueur lime juice salted rim Margarita
100%
white rumsugar lime juice soda water mint Mojito
100%
rumpineapple juice cream of coconut ice- blended Pina Colada
100%
rumcoke lime Cuba Libre
86%
gindry vermouth olive Dry Martini
83%
vodkaginger beer lime juice Moscow Mule
80%
proseccoaperol soda water orange slice Aperol Spritz
75%
vodkacoffee liqueur espresso Espresso Martini
67%
ginlemon juice simple syrup champagne French 75
50%
vodkatriple sec cranberry juice lime juice Cosmopolitan
33%
bourbonsugar bitters Old Fashion
33%
rumpineapple juice orange juice cream of coconut nutmeg Pain Killer
33%
brandyorange liqueur lemon juice Sidecar
33%
bourbonlemon juice simple syrup egg white Whiskey Sour
33%
amarettolemon juice simple syrup egg white Amaretto Sour
25%
white rumfresh lime juice simple syrup Daiquiri
20%
whiskeysweet vermouth angostura bitters Manhattan
20%
camparisweet vermouth club soda orange slice Americano
14%
ginlime juice simple syrup Gimlet
0%
rumlime juice orgeat syrup orange liqueur Mai Tai
0%
ginsweet vermouth campari Negroni
0%
tequilagrapefruit soda lime juice Paloma
0%
scotch whiskeylemon juice honey-ginger syrup Penicillin
0%
whiskeysoda water Whiskey Highball
0%
No matching quizzes found
Score Distribution
Percent of People with Each Score
Percentile by Number Answered
Your Score History
You have not taken this quiz